A raposa matreira e a galinha ruiva (Registo nº 3763)

Detalhes MARC
000 -Etiqueta do registo
Cabeçalho 00805nam a2200253 4500
005 - Identificador da versão
Campo de controlo 20240813122043.0
010 ## - Número internacional normalizado dos livros (ISBN)
Número (ISBN) 9725533097
021 ## - Número do Depósito Legal
Código do país PT
Número 141892/99
100 ## - Dados gerais de processamento
Dados gerais de processamento 20100429d1999 c y0pory5003 ba
102 ## - Pais de publicação ou produção
País de publicação Portugal
101 1# - Língua de publicação
Língua do texto, banda sonora, etc. Português
Língua do documento no original Inglês
215 ## - Descrição física 
Indicação específica da natureza do documento e extensão da espécie 27, [1] p.
Outras indicações físicas il. color.
Dimensões 18 cm
200 1# - Titulo e menção de responsabilidade
Título próprio A raposa matreira e a galinha ruiva
Primeira menção de responsabilidade trad. Mª Isabel de Mendonça Soares
Outras menções de responsabilidade il. por Peter Stevenson
225 1# - Colecção 
Título próprio da colecção Ler é crescer
Nome de uma parte ou secção Leio sozinho
-- Nível 2
210 ## - Publicação, Distribuição, etc. 
Lugar da edição, distribuição, etc. Lisboa
Nome do editor, distribuidor, etc. Verbo
Data da publicação, distribuição, etc. D.L. 1999
606 ## - Nome comum usado como assunto
Número de registo de entrada de autoridade 0000078
Palavra de ordem Literatura inglesa
Subdivisão de assunto Conto|2CA
675 ## - Classificação Decimal Universal (CDU)
Notação 821.134.3-34
Edição 3ª ed.
Língua da edição por
702 #1 - Nome de autor-pessoa física (responsabilidade secundária)
Número de registo de entrada de autoridade 0000054
Palavra de ordem Soares
Outra parte do nome não tomada para palavra de ordem Maria Isabel de Mendonça
Datas 1922-
Código de função Tradutor
Número de registo de entrada de autoridade 0000181
Palavra de ordem Stevenson
Outra parte do nome não tomada para palavra de ordem Peter
Código de função Ilustrador / Técnico de desenho computorizado
942 ## - Elementos de entrada adicionados (Koha)
Tipo de item no Koha Livro
Exemplares
Situação do levantamento Origin of item (home branch) (coded) Biblioteca de empréstimo Código de barras Cota Circulation type (not for loan) Tipo de documento Nota do exemplar Damaged status
  Biblioteca Escolar das Vendas Biblioteca Escolar das Vendas BEV868 8POR SOA   Livro Sem mensagem